Loading...
കരൾ പിളരും കാലം
| Main Author: | |
|---|---|
| Other Authors: | |
| Format: | Printed Book |
| Published: |
Kochi
High Tech Books
1994
|
| Subjects: |
| LEADER | 00554cam a2200157ua 4500 | ||
|---|---|---|---|
| 082 | |a M 894.812 371 |b RAD/K | ||
| 100 | 0 | |a രാധാകൃഷ്ണൻ,സി | |
| 245 | 1 | 0 | |a കരൾ പിളരും കാലം |
| 260 | |a Kochi |b High Tech Books |c 1994 | ||
| 300 | |a 431p. | ||
| 650 | 0 | |a Malayalam literature- Novel | |
| 650 | 0 | |a Karal pilarum kaalam | |
| 700 | |a Radhakrishnan,C | ||
| 942 | |c BK | ||
| 999 | |c 9608 |d 9608 | ||
| 952 | |0 0 |1 0 |4 0 |6 M_894_812000000000000_371_RADK |7 0 |9 10011 |a KUCL |b KUCL |d 2014-05-23 |l 2 |o M 894.812 371 RAD/K |p 02944 |r 2016-07-27 |s 2016-07-07 |y BK | ||